| 000 | 00749cam a2200193 4500 | ||
|---|---|---|---|
| 001 | WS114286 | ||
| 008 | 010822n 000 0 eng u | ||
| 035 | _a(Sirsi) u114286 | ||
| 110 |
_aAmerican Land Title Association _94120 |
||
| 245 | _aAmerican Land Title Association | ||
| 520 | _aWeb site for this American organisation whose members search, review and insure land titles to protect home buyers and mortgage lenders who invest in real estate. Includes a list of members and details of research and publications. | ||
| 650 | _aUSA | ||
| 650 | _aINTERNATIONAL | ||
| 650 | _aORGANISATIONS | ||
| 650 | _aLAND TITLES | ||
| 690 | _aPROPERTY | ||
| 856 | 4 | 0 |
_uhttps://www.alta.org _zView the website free of charge at www.alta.org... |
| 942 | _n0 | ||
| 999 |
_c119862 _d119862 |
||